书目信息 |
| 题名: |
从城乡统筹到城乡发展一体化 : 先发地区实践探索
|
|
| 作者: | 陈晨 , 方辰昊 , 陈旭 著 | |
| 分册: | ||
| 出版信息: | 北京 中国建筑工业出版社 2017.11 |
|
| 页数: | 171页 | |
| 开本: | 20cm | |
| 丛书名: | ||
| 单 册: | ||
| 中图分类: | U482.1 | |
| 科图分类: | ||
| 主题词: | 道路--运输--工具 | |
| 电子资源: | ||
| ISBN: | 978-7-112-20951-4 | |
| 000 | 00757nam0 2200217 45 | |
| 001 | 1934614241 | |
| 005 | 20190312093751.53 | |
| 010 | @a978-7-112-20951-4@dRMB 48.00 | |
| 100 | @a20190312d2017 km y0chiy0120 ea | |
| 101 | 0 | @achi |
| 102 | @aCN@b110000 | |
| 200 | 1 | @a从城乡统筹到城乡发展一体化 : 先发地区实践探索@Acong cheng xiang tong chou dao cheng xiang fa zhan yi ti hua:xian fa di qu shi jian tan suo@f陈晨, 方辰昊, 陈旭著@Fchen chen,fang chen hao,chen xu zhu |
| 210 | @a北京@c中国建筑工业出版社@d2017.11 | |
| 215 | @a171页@d20cm | |
| 606 | 0 | @a道路@x运输@x工具 |
| 690 | @aU482.1@v4 | |
| 701 | 0 | @a陈晨@Achen chen@4著 |
| 701 | 0 | @a方辰昊@Afang chen hao@4著 |
| 701 | 0 | @a陈旭@Achen xu@4著 |
| 801 | 0 | @aCN@bPFT@c20190312 |
| 905 | @a10447@dU482.1@eC385 | |
| 从城乡统筹到城乡发展一体化 : 先发地区实践探索/陈晨, 方辰昊, 陈旭著.-北京:中国建筑工业出版社,2017.11 |
| 171页;20cm |
| ISBN 978-7-112-20951-4:RMB 48.00 |
| ● |
| 相关链接 |
|
|
|
正题名:从城乡统筹到城乡发展一体化 : 先发地区实
索取号:U482.1/C385
 
预约/预借
| 序号 | 登录号 | 条形码 | 馆藏地/架位号 | 状态 | 备注 |
| 1 | 1244441 | 212444416 | 自科库501/501自科库 87排2列1层/ [索取号:U482.1/C385] | 在馆 |